000 00389 a2200121 4500
001 ART_43732
005 20260410162025.0
008 260409a
245 1 0 _aEarnings, rents, and competition in the airline labor market
100 1 _aHirsch, Barry T.
700 1 _aMacpherson, David A.
773 0 _tJournal of labor economics
_g- Vol. 18, NÂș 1 (ene. 2000)
_wREV43438
999 _c33497
_d33497